[Event "Frankfurt Ch A 2019"]
[Site "Ffm-Höchst, BiKuZ"]
[Date "2019.06.17"]
[Round "7.11"]
[White "Zimmermann, Rolf"]
[Black "Calvi, Stefan"]
[Result "1-0"]
[WhiteElo "2025"]
[BlackElo "1953"]
[PlyCount "77"]
[EventDate "2019.??.??"]
[WhiteTeam "SC Tornado Hochneukirch"]
[BlackTeam "SF Frankfurt"]

1. c4 Nf6 2. d4 g6 3. Nc3 Bg7 4. e4 d6 5. f3 O-O 6. Be3 c5 7. dxc5 dxc5 8. Qxd8
Rxd8 9. Bxc5 Nc6 10. Ba3 a5 11. Nd5 Nd7 12. O-O-O e6 13. Ne7+ Nxe7 14. Bxe7 Re8
15. Bd6 b6 16. a4 Nc5 17. Bxc5 bxc5 18. b3 Rb8 19. Kc2 Bb7 20. Bd3 f5 21. Ne2
Rbd8 22. Nc3 h5 23. Rhe1 h4 24. h3 Kf7 25. e5 g5 26. Nb5 Bf8 27. Be2 Be7 28. f4
Be4+ 29. Kc3 Rh8 30. Rxd8 Rxd8 31. fxg5 Bxg2 32. Rg1 Bxh3 33. Rh1 Bg2 34. Rxh4
Bxg5 35. Rh2 Bd2+ 36. Kb2 Bc6 37. Nd6+ Kg6 38. Bh5+ Kh6 39. Nf7+ 1-0

[Event "Frankfurt Ch A 2019"]
[Site "Ffm-Höchst, BiKuZ"]
[Date "2019.06.17"]
[Round "7.12"]
[White "Bischoff, Ulrich"]
[Black "Reitz, Philipp"]
[Result "0-1"]
[WhiteElo "1961"]
[BlackElo "2020"]
[PlyCount "74"]
[EventDate "2019.??.??"]
[WhiteTeam "Sfr. Erbach"]
[BlackTeam "VfR-SC Koblenz"]

1. d4 Nf6 2. c4 g6 3. Nf3 Bg7 4. g3 O-O 5. Bg2 c6 6. O-O d5 7. b3 Bf5 8. Bb2
Qc8 9. Re1 Rd8 10. Nbd2 Ne4 11. Rc1 Qd7 12. Ne5 Qe6 13. g4 Bxg4 14. Nxg4 Nxd2
15. Bh3 f5 16. Qxd2 fxg4 17. Bg2 Qd7 18. Rcd1 Na6 19. e4 dxc4 20. bxc4 e5 21.
Qe2 h5 22. d5 Qe7 23. Qe3 c5 24. Qb3 Rd6 25. Rf1 Rb6 26. Qc3 h4 27. f4 h3 28.
Bh1 Rxb2 29. Qxb2 exf4 30. d6 Qg5 31. Qxb7 Kh7 32. Rd5 Qh4 33. e5 Rb8 34. Qe7
Qh6 35. d7 f3 36. Rdd1 Rb2 37. d8=Q Qe3+ 0-1

[Event "Frankfurt Ch A 2019"]
[Site "Ffm-Höchst, BiKuZ"]
[Date "2019.06.17"]
[Round "7.14"]
[White "Chandler, Patrick"]
[Black "Rupp, Mark"]
[Result "1-0"]
[WhiteElo "2119"]
[BlackElo "1901"]
[PlyCount "137"]
[EventDate "2019.??.??"]
[WhiteTeam "SC Nied"]
[BlackTeam "SK Langen"]

1. e4 e6 2. Qe2 c5 3. Nf3 Nc6 4. g3 d6 5. Bg2 Nf6 6. c3 e5 7. d3 Be6 8. Nbd2 h6
9. a3 a5 10. a4 Qc7 11. Nc4 g6 12. Na3 Rd8 13. Nb5 Qb6 14. Nd2 Rd7 15. Nc4 Qd8
16. Ne3 d5 17. c4 dxe4 18. dxe4 Bg7 19. Nd5 O-O 20. O-O Nd4 21. Qd3 Ne8 22. Bd2
Nd6 23. Nxd4 exd4 24. Bf4 f6 25. Rae1 Nf7 26. Qb3 Ne5 27. Bd2 b6 28. Qc2 Nc6
29. b3 Nb4 30. Bxb4 axb4 31. Nf4 Bf7 32. Bh3 Rd6 33. Nd3 Re8 34. f4 Rc6 35. Nf2
Rc7 36. Rd1 Rce7 37. Rfe1 Be6 38. Bf1 f5 39. e5 Bc8 40. Bg2 Bb7 41. Nd3 Qa8 42.
a5 Qa7 43. Bd5+ Kh7 44. axb6 Qxb6 45. Ra1 Rd7 46. Qg2 Bf8 47. Bxb7 Rxb7 48. Qa2
Qc6 49. Qa4 Re6 50. Qxc6 Rxc6 51. Ra8 Be7 52. Rea1 Kg7 53. Kf2 Kf7 54. Kf3 h5
55. h3 Rbc7 56. g4 hxg4+ 57. hxg4 Ke6 58. Rh1 Rc8 59. Ra7 R8c7 60. Ra5 Bf8 61.
Rh8 Bg7 62. Rd8 g5 63. Rd5 fxg4+ 64. Kxg4 gxf4 65. Nxf4+ Kf7 66. Kf5 Bf8 67.
e6+ Kg7 68. Nh5+ Kh7 69. Nf6+ 1-0

[Event "Frankfurt Ch A 2019"]
[Site "Ffm-Höchst, BiKuZ"]
[Date "2019.06.17"]
[Round "7.15"]
[White "Kuhn, Gerhard"]
[Black "Drill, Frank"]
[Result "1/2-1/2"]
[WhiteElo "1941"]
[BlackElo "2052"]
[PlyCount "33"]
[EventDate "2019.??.??"]
[WhiteTeam "SK Marburg"]
[BlackTeam "SF Neuberg"]

1. e4 e5 2. Nf3 f5 3. Nxe5 Nc6 4. d4 Qh4 5. Nxc6 dxc6 6. Nc3 Bb4 7. g3 Qxe4+ 8.
Qe2 Nf6 9. f3 Qxe2+ 10. Bxe2 Be6 11. Kf2 O-O 12. a3 Bd6 13. Re1 Rae8 14. Bf1
Kh8 15. b4 b5 16. Ne2 Nd5 17. Nf4 1/2-1/2

[Event "Frankfurt Ch A 2019"]
[Site "Ffm-Höchst, BiKuZ"]
[Date "2019.06.17"]
[Round "7.16"]
[White "Gräbner, Walter"]
[Black "Rondonuwu, Grover"]
[Result "1-0"]
[WhiteElo "1922"]
[BlackElo "2043"]
[PlyCount "120"]
[EventDate "2019.??.??"]
[WhiteTeam "SC Nied"]
[BlackTeam "Frankfurter TV"]

1. d4 d5 2. c4 c6 3. Nc3 Nf6 4. Nf3 e6 5. Bg5 h6 6. Bxf6 Qxf6 7. e3 Nd7 8. Qc2
Be7 9. Be2 dxc4 10. Bxc4 e5 11. dxe5 Nxe5 12. Nxe5 Qxe5 13. O-O O-O 14. Qe2 Bf6
15. f4 Qe7 16. e4 Bd4+ 17. Kh1 b5 18. Bd3 b4 19. e5 f5 20. Bc4+ Be6 21. Rfd1
Rad8 22. Na4 Kh8 23. Rac1 Bc8 24. h3 c5 25. g3 Bb7+ 26. Kh2 Rd7 27. b3 Rfd8 28.
Bb5 Rc7 29. Nb2 Rcc8 30. Bd3 Qe6 31. Nc4 g6 32. Nd6 Rxd6 33. exd6 Qxd6 34. Bc4
Be4 35. Bd3 Bc6 36. Bb5 Re8 37. Qf1 Re4 38. Bxc6 Qxc6 39. Re1 a5 40. Qd3 Qe6
41. Rxe4 fxe4 42. Qc4 Qe7 43. Re1 e3 44. Qd5 Kg7 45. Re2 h5 46. f5 Qf6 47. Qd7+
Kh6 48. Qe6 Qxf5 49. Qxf5 gxf5 50. Kg2 Kg5 51. Kf3 Kf6 52. g4 hxg4+ 53. hxg4
fxg4+ 54. Kxg4 Ke5 55. Kf3 Kd5 56. Rg2 a4 57. Rg5+ Kc6 58. Ke2 c4 59. bxa4 c3
60. Kd3 Bc5 1-0

[Event "Frankfurt Ch A 2019"]
[Site "Ffm-Höchst, BiKuZ"]
[Date "2019.06.17"]
[Round "7.17"]
[White "Deppe, Leo Max"]
[Black "Özdemir, Ali Özden"]
[Result "1/2-1/2"]
[WhiteElo "1920"]
[BlackElo "2025"]
[PlyCount "35"]
[EventDate "2019.??.??"]
[WhiteTeam "SC Bad Soden"]
[BlackTeam "SK Langen"]

1. d4 Nf6 2. c4 g6 3. Nc3 Bg7 4. e4 d6 5. Bd3 O-O 6. Nge2 e5 7. d5 a5 8. h3 Na6
9. Bg5 Nc5 10. Bc2 h6 11. Be3 b6 12. Qd2 Kh7 13. g4 Ba6 14. b3 Nfd7 15. h4 Rh8
16. h5 g5 17. Ng3 f6 18. Qe2 1/2-1/2

[Event "Frankfurt Ch A 2019"]
[Site "Ffm-Höchst, BiKuZ"]
[Date "2019.06.17"]
[Round "7.18"]
[White "Krüger, Till"]
[Black "Schmidt, Markus"]
[Result "1-0"]
[WhiteElo "1887"]
[BlackElo "2015"]
[PlyCount "101"]
[EventDate "2019.??.??"]
[WhiteTeam "SC Nidderau"]
[BlackTeam "SK Turm Bad Hersfeld"]

1. c4 c5 2. g3 g6 3. Bg2 Bg7 4. Nc3 Nc6 5. a3 a6 6. Rb1 Rb8 7. b4 cxb4 8. axb4
b5 9. cxb5 axb5 10. e3 h5 11. h3 Nh6 12. Nge2 O-O 13. O-O e6 14. d4 d5 15. Qb3
Nf5 16. Rd1 Qb6 17. Nf4 Bd7 18. Nd3 Rfd8 19. Nc5 Nd6 20. Ra1 Nc4 21. Bxd5 exd5
22. Nxd5 Nxd4 23. Rxd4 Qd6 24. Ra6 Qe5 25. Nf6+ Bxf6 26. Nxd7 Rxd7 27. Rxd7 Qf5
28. Qd3 Qxh3 29. Rxf6 Ne5 30. Qe4 Qxd7 31. Qxe5 Re8 32. Rd6 Qc8 33. Qb2 h4 34.
Rd4 hxg3 35. fxg3 Qc7 36. Kf2 Qc8 37. Rh4 Qf5+ 38. Ke2 f6 39. Rf4 Qh5+ 40. g4
Qh2+ 41. Rf2 Qg3 42. Qxf6 Qxg4+ 43. Qf3 Qc4+ 44. Kd1 Qb3+ 45. Ke1 Qxb4+ 46. Bd2
Qb1+ 47. Ke2 Qb3 48. Qc6 Qe6 49. Qxb5 Qg4+ 50. Ke1 Rd8 51. Qb3+ 1-0

[Event "Frankfurt Ch A 2019"]
[Site "Ffm-Höchst, BiKuZ"]
[Date "2019.06.17"]
[Round "7.20"]
[White "Jurkic, Bosiljko"]
[Black "Li, Maxim"]
[Result "1/2-1/2"]
[WhiteElo "1956"]
[BlackElo "1932"]
[PlyCount "20"]
[EventDate "2019.??.??"]
[WhiteTeam "SC Bad Wimpfen"]
[BlackTeam "Wiesbadener SV"]

1. e4 e6 2. d4 d5 3. Nd2 Be7 4. Ngf3 Nf6 5. Bd3 c5 6. e5 Nfd7 7. c3 Nc6 8. O-O
g5 9. h3 h5 10. Bb5 Qb6 1/2-1/2

[Event "Frankfurt Ch A 2019"]
[Site "Ffm-Höchst, BiKuZ"]
[Date "2019.06.17"]
[Round "7.21"]
[White "Casagrande, Thomas"]
[Black "Adair, Robin"]
[Result "0-1"]
[WhiteElo "1952"]
[BlackElo "1792"]
[PlyCount "76"]
[EventDate "2019.??.??"]
[WhiteTeam "Frankfurter TV"]
[BlackTeam "SC Nidderau"]

1. e4 c5 2. Nf3 Nc6 3. Nc3 Nf6 4. Bb5 Nd4 5. Bc4 e6 6. e5 Ng4 7. Nxd4 Nxe5 8.
Nxe6 dxe6 9. Be2 a6 10. O-O Bd6 11. Ne4 Bc7 12. d3 O-O 13. Bg5 f6 14. Bh4 Qd4
15. c3 Qd5 16. f4 Ng6 17. Bf3 Kh8 18. Bf2 Nxf4 19. Nxc5 Qd6 20. Re1 Rb8 21. d4
f5 22. Bg3 Qe7 23. Qd2 g5 24. Rad1 b6 25. Nd3 Nxd3 26. Bxc7 Qxc7 27. Qxd3 g4
28. Be2 Bb7 29. Qg3 f4 30. Qf2 Bxg2 31. Kxg2 f3+ 32. Kg1 g3 33. hxg3 fxe2 34.
Qxe2 Qxg3+ 35. Qg2 Qd6 36. Kh1 Rf4 37. Re3 Rg8 38. Qh2 Qd5+ 0-1

[Event "Frankfurt Ch A 2019"]
[Site "Ffm-Höchst, BiKuZ"]
[Date "2019.06.17"]
[Round "7.22"]
[White "Engel, Johannes"]
[Black "Diehl, Stefan"]
[Result "1/2-1/2"]
[WhiteElo "2047"]
[BlackElo "1771"]
[PlyCount "45"]
[EventDate "2019.??.??"]
[WhiteTeam "SC Brett vorm Kopp"]
[BlackTeam "SC Höchst"]

1. e4 c6 2. d4 d5 3. Nc3 dxe4 4. Nxe4 Bf5 5. Ng3 Bg6 6. f4 e6 7. Nf3 Nd7 8. Bd3
Nh6 9. O-O Be7 10. Qe2 Bxd3 11. Qxd3 Qb6 12. f5 O-O-O 13. Kh1 e5 14. Qe2 Bf6
15. dxe5 Ng4 16. exf6 Rhe8 17. Ne4 Ndxf6 18. Be3 Nxe3 19. Nxf6 gxf6 20. Rfe1
Ng4 21. Qf1 Nf2+ 22. Kg1 Nh3+ 23. Kh1 1/2-1/2

[Event "Frankfurt Ch A 2019"]
[Site "Ffm-Höchst, BiKuZ"]
[Date "2019.06.17"]
[Round "7.23"]
[White "Fucik, Timo"]
[Black "Goldt, Rainer"]
[Result "1-0"]
[WhiteElo "2013"]
[BlackElo "1852"]
[PlyCount "81"]
[EventDate "2019.??.??"]
[WhiteTeam "SK Ettlingen"]
[BlackTeam "Kreuznacher SV"]

1. d4 d5 2. c4 e6 3. Nf3 c6 4. e3 f5 5. Bd3 Nf6 6. O-O Bd6 7. b3 Qe7 8. Bb2 O-O
9. Qc1 Ne4 10. Ba3 Bxa3 11. Qxa3 Qf6 12. Ne5 Nd7 13. f4 Qh4 14. Nxd7 Bxd7 15.
Qb4 b5 16. Bxe4 fxe4 17. Nd2 Rf5 18. Rf2 a5 19. Qd6 Rf7 20. cxb5 cxb5 21. Rc1
Qd8 22. Nf1 b4 23. Ng3 g5 24. f5 exf5 25. Qxd5 Rc8 26. Rfc2 Rxc2 27. Rxc2 Qb6
28. Rc5 a4 29. bxa4 Be6 30. a5 Qa6 31. Qd8+ Rf8 32. Qxg5+ Kh8 33. Nh5 Qb7 34.
d5 Bg8 35. a6 Qf7 36. Rb5 Rc8 37. Rb7 Rc1+ 38. Kf2 Rc2+ 39. Kg3 Qg6 40. Qxg6
hxg6 41. Nf4 1-0

[Event "Frankfurt Ch A 2019"]
[Site "Ffm-Höchst, BiKuZ"]
[Date "2019.06.17"]
[Round "7.24"]
[White "Gutacker, Stephan"]
[Black "Kolker, Vladislav"]
[Result "1/2-1/2"]
[WhiteElo "1796"]
[BlackElo "1959"]
[PlyCount "25"]
[EventDate "2019.??.??"]
[WhiteTeam "Sfr. Kelkheim"]
[BlackTeam "SC Bad Nauheim"]

1. e4 e5 2. Nf3 Nc6 3. d4 exd4 4. Nxd4 Bc5 5. Be3 Qf6 6. c3 Nge7 7. Bc4 Ne5 8.
Be2 Qg6 9. O-O Qxe4 10. Nd2 Qg6 11. Bh5 Qd3 12. Be2 Qg6 13. Bh5 1/2-1/2

[Event "Frankfurt Ch A 2019"]
[Site "Ffm-Höchst, BiKuZ"]
[Date "2019.06.17"]
[Round "7.25"]
[White "Hochmuth, Christian"]
[Black "Kirchmann, Sascha"]
[Result "1/2-1/2"]
[WhiteElo "1928"]
[BlackElo "1766"]
[PlyCount "46"]
[EventDate "2019.??.??"]
[WhiteTeam "SG Wächtersbach"]
[BlackTeam "SC Obertshausen"]

1. d4 Nf6 2. c4 e6 3. Nc3 d5 4. cxd5 exd5 5. Bg5 Be7 6. e3 c6 7. Qc2 Nbd7 8.
Bd3 O-O 9. Nf3 Re8 10. O-O Nf8 11. Rab1 Ng6 12. b4 Bd6 13. b5 h6 14. Bxf6 Qxf6
15. bxc6 bxc6 16. Rfc1 Bg4 17. Ne1 Rac8 18. Na4 Ba3 19. Nb2 Rb8 20. h3 Bd7 21.
Qc3 Bb4 22. Qc2 Ba3 23. Qc3 Bb4 1/2-1/2

[Event "Frankfurt Ch A 2019"]
[Site "Ffm-Höchst, BiKuZ"]
[Date "2019.06.17"]
[Round "7.26"]
[White "Varma, Christopher"]
[Black "Thomas, Norbert"]
[Result "1/2-1/2"]
[WhiteElo "1779"]
[BlackElo "1923"]
[PlyCount "85"]
[EventDate "2019.??.??"]
[WhiteTeam "SV Oberursel"]
[BlackTeam "SC Frankfurt-West"]

1. e4 d6 2. d4 Nf6 3. Nc3 c6 4. a4 Nbd7 5. g4 h6 6. h3 e5 7. Nge2 Be7 8. Bg2
Qc7 9. Be3 O-O 10. O-O Re8 11. Ng3 b6 12. Qd2 Bf8 13. Rad1 Bb7 14. f4 Rad8 15.
Bf3 a6 16. Qg2 c5 17. dxe5 dxe5 18. f5 c4 19. Kh1 Bc5 20. Bc1 Nh7 21. h4 Be7
22. Qh2 Bc6 23. Nd5 Bxd5 24. Rxd5 Nhf6 25. Rdd1 Nh7 26. Ne2 Nc5 27. Nc3 f6 28.
Qe2 Nb7 29. Nd5 Qc6 30. Nxe7+ Rxe7 31. Rxd8+ Nxd8 32. Rd1 Nb7 33. b3 b5 34. Qd2
cxb3 35. cxb3 Rc7 36. axb5 axb5 37. Ba3 Nf8 38. g5 hxg5 39. hxg5 Rd7 40. Qe2
fxg5 41. Rc1 Qh6+ 42. Kg1 Qb6+ 43. Kg2 1/2-1/2

[Event "Frankfurt Ch A 2019"]
[Site "Ffm-Höchst, BiKuZ"]
[Date "2019.06.17"]
[Round "7.28"]
[White "Moritz, Dennis"]
[Black "Biegel, Thomas"]
[Result "0-1"]
[WhiteElo "1734"]
[BlackElo "1905"]
[PlyCount "58"]
[EventDate "2019.??.??"]
[WhiteTeam "SK Hungen"]
[BlackTeam "SVG Eppstein"]

1. d4 e6 2. Nf3 c5 3. c3 Nc6 4. g3 Nf6 5. Bg2 d5 6. O-O Be7 7. Bg5 Qb6 8. Qb3
cxd4 9. Qxb6 axb6 10. Nxd4 Bd7 11. Nd2 Nxd4 12. cxd4 Bb5 13. Rfe1 h6 14. Bxf6
Bxf6 15. e4 Bxd4 16. exd5 Bxb2 17. Rab1 Rxa2 18. dxe6 Bc6 19. exf7+ Kxf7 20.
Bh3 Re8 21. Nc4 Rxe1+ 22. Rxe1 Bd4 23. Nd6+ Kf8 24. Rf1 Bc5 25. Nf5 Bb5 26. Rd1
Rxf2 27. Nd4 Rb2 28. Kh1 Bxd4 29. Rxd4 Rb1+ 0-1

[Event "Frankfurt Ch A 2019"]
[Site "Ffm-Höchst, BiKuZ"]
[Date "2019.06.17"]
[Round "7.30"]
[White "Balzereit, Georg"]
[Black "Rennhack, Peer"]
[Result "0-1"]
[WhiteElo "1687"]
[BlackElo "1873"]
[PlyCount "56"]
[EventDate "2019.??.??"]
[WhiteTeam "vereinslos"]
[BlackTeam "Frankfurter TV"]

1. e4 Nf6 2. Bc4 d6 3. Nf3 c5 4. Ng5 e6 5. O-O h6 6. Nf3 Nxe4 7. Nc3 Nxc3 8.
dxc3 Be7 9. Be3 d5 10. Bb5+ Bd7 11. Bd3 Nc6 12. Bf4 Qb6 13. Re1 O-O-O 14. a4 c4
15. Bf1 Bc5 16. Qe2 f6 17. b4 cxb3 18. cxb3 e5 19. Be3 Bxe3 20. Qxe3 Qxe3 21.
Rxe3 Bf5 22. b4 d4 23. cxd4 exd4 24. Rb3 d3 25. Nd2 Nd4 26. Rc3+ Kb8 27. a5
Ne2+ 28. Bxe2 dxe2 0-1

[Event "Frankfurt Ch A 2019"]
[Site "Ffm-Höchst, BiKuZ"]
[Date "2019.06.17"]
[Round "7.31"]
[White "Brückmann, Gerd"]
[Black "Kohani, Sohrab"]
[Result "1/2-1/2"]
[WhiteElo "1872"]
[BlackElo "1714"]
[PlyCount "60"]
[EventDate "2019.??.??"]
[WhiteTeam "SV Anderssen Arolsen"]
[BlackTeam "Freibauer Mörlenbach"]

1. d4 Nf6 2. c4 e6 3. g3 d5 4. Nf3 Bb4+ 5. Bd2 Be7 6. Bg2 Nbd7 7. O-O c6 8. Qc2
b6 9. cxd5 cxd5 10. Nc3 O-O 11. Rfc1 Ba6 12. Qa4 Bb7 13. b4 a6 14. Qb3 Ne4 15.
Be1 Ndf6 16. Ne5 Nxc3 17. Rxc3 Qd6 18. a3 Rac8 19. Rac1 Ne4 20. Rxc8 Rxc8 21.
Rxc8+ Bxc8 22. f3 Nf6 23. Qc2 Bb7 24. Bd2 Nd7 25. Bf4 Nxe5 26. Bxe5 Qc6 27.
Qxc6 Bxc6 28. Bc7 a5 29. Bxb6 axb4 30. axb4 Bxb4 1/2-1/2

[Event "Frankfurt Ch A 2019"]
[Site "Ffm-Höchst, BiKuZ"]
[Date "2019.06.17"]
[Round "7.32"]
[White "Fischer, Lutz"]
[Black "Zimmer, Gerald"]
[Result "1/2-1/2"]
[WhiteElo "1557"]
[BlackElo "1854"]
[PlyCount "93"]
[EventDate "2019.??.??"]
[WhiteTeam "SF Frankfurt"]
[BlackTeam "SC Bergen-Enkheim"]

1. e4 c5 2. Nf3 Nc6 3. Bb5 d6 4. Bxc6+ bxc6 5. O-O e5 6. c3 Nf6 7. d4 cxd4 8.
cxd4 Qc7 9. dxe5 dxe5 10. Qc2 Bb7 11. a3 Be7 12. b4 c5 13. Bb2 Bxe4 14. Qa4+
Bc6 15. b5 Bxf3 16. gxf3 O-O 17. Nd2 Rfd8 18. Nc4 Nd7 19. Rfe1 Bf6 20. Qc2 Re8
21. Qf5 g6 22. Qe4 Rab8 23. a4 Re6 24. Ne3 Bg7 25. Rac1 a6 26. Qc4 axb5 27.
axb5 Qa5 28. Red1 Nb6 29. Qxc5 Na4 30. Ra1 Nxc5 31. Rxa5 Nb3 32. Ra6 Nd4 33.
Rxe6 Nxe6 34. Rd5 Nc7 35. Rc5 Rxb5 36. Rc2 Ne6 37. Ng4 h5 38. Ne3 Nd4 39. Rc8+
Kh7 40. Bxd4 exd4 41. Nc4 Rb1+ 42. Kg2 Rc1 43. Nd6 Rc3 44. Rd8 Rc7 45. Nb5 Rc4
46. Nd6 Rc7 47. Nb5 1/2-1/2

[Event "Frankfurt Ch A 2019"]
[Site "Ffm-Höchst, BiKuZ"]
[Date "2019.06.17"]
[Round "7.34"]
[White "Bittner, Peter"]
[Black "Rutsatz, Mario"]
[Result "0-1"]
[WhiteElo "1737"]
[BlackElo "1921"]
[PlyCount "48"]
[EventDate "2019.??.??"]
[WhiteTeam "SC Nied"]
[BlackTeam "SF Frankfurt"]

1. d4 Nf6 2. Bf4 d5 3. Nf3 c5 4. c3 Nc6 5. dxc5 a5 6. e3 e6 7. Na3 Bxc5 8. Nb5
O-O 9. Nc7 e5 10. Bxe5 Nxe5 11. Nxa8 Bg4 12. Be2 Bxf3 13. Bxf3 Nxf3+ 14. gxf3
Qxa8 15. Qc2 Re8 16. O-O-O b5 17. Qf5 Qc6 18. Rhg1 b4 19. Rd3 a4 20. Kb1 a3 21.
cxb4 Bxb4 22. Rc1 Qa6 23. bxa3 g6 24. Rg1 Kh8 0-1

[Event "Frankfurt Ch A 2019"]
[Site "Ffm-Höchst, BiKuZ"]
[Date "2019.06.17"]
[Round "7.35"]
[White "Zeyen, Helmut"]
[Black "Fernandez Egea, Andres"]
[Result "0-1"]
[WhiteElo "1725"]
[BlackElo "1829"]
[PlyCount "100"]
[EventDate "2019.??.??"]
[WhiteTeam "Wiesbadener SV"]
[BlackTeam "SF Frankfurt"]

1. e4 c5 2. Nc3 d6 3. Bb5+ Nd7 4. d3 g6 5. f4 Bg7 6. Nf3 a6 7. Bxd7+ Bxd7 8.
O-O e6 9. Qe1 b5 10. Nd1 Ne7 11. Ne3 Rc8 12. Bd2 Nc6 13. c3 O-O 14. g4 f5 15.
gxf5 exf5 16. Qg3 Ne7 17. Rae1 c4 18. exf5 Nxf5 19. Nxf5 Bxf5 20. d4 Bf6 21.
Re3 Re8 22. Rfe1 Rxe3 23. Rxe3 Rc7 24. Ng5 Re7 25. Rxe7 Qxe7 26. Qe3 Qxe3+ 27.
Bxe3 h6 28. Nf3 Kf7 29. Kf2 Ke6 30. Nd2 h5 31. Kg3 Bc2 32. h4 Kf5 33. Bf2 d5
34. a3 a5 35. Be3 Be7 36. Bf2 Bd6 37. Be3 Bd1 38. Nf1 Ke4 39. Bc1 Be2 40. Nh2
Kd3 41. Kf2 Bd1 42. Nf1 Kc2 43. Be3 Kxb2 44. Ke1 Bg4 45. Bd2 Be7 46. Ne3 Bxh4+
47. Kf1 Be6 48. Ke2 Be7 49. Nd1+ Kxa3 50. Bc1+ Kb3 0-1

[Event "Frankfurt Ch A 2019"]
[Site "Ffm-Höchst, BiKuZ"]
[Date "2019.06.17"]
[Round "7.36"]
[White "Fröhlich-Dill, Astrid"]
[Black "Hambel, Christoph"]
[Result "0-1"]
[WhiteElo "1810"]
[BlackElo "1719"]
[PlyCount "160"]
[EventDate "2019.??.??"]
[WhiteTeam "SV Hofheim"]
[BlackTeam "Bad Vilbeler Sfr."]

1. d4 Nf6 2. c4 c5 3. d5 b5 4. cxb5 a6 5. bxa6 g6 6. Nc3 Bg7 7. g3 d6 8. Bg2
O-O 9. Nf3 Bxa6 10. O-O Nbd7 11. Re1 Qc7 12. Bd2 Nb6 13. e4 Nc4 14. Qc2 Nd7 15.
Bc1 Qa5 16. Bf1 Na3 17. Qd2 Bxf1 18. Rxf1 f5 19. Ng5 Ne5 20. Qe2 fxe4 21. Ncxe4
Nb5 22. Be3 Qb4 23. a3 Qb3 24. Rad1 Nc7 25. Nc3 c4 26. Bd4 Rae8 27. f4 Nd3 28.
Bxg7 Kxg7 29. Qe3 h6 30. Qd4+ Kg8 31. Rxd3 cxd3 32. Qxd3 Qb6+ 33. Kh1 Kg7 34.
Nf3 Qxb2 35. Nh4 Rf6 36. Ne4 Rf5 37. Nxf5+ gxf5 38. Nf2 Ra8 39. Qxf5 Rxa3 40.
Qg4+ Kf7 41. Qh5+ Kg7 42. Ng4 Qe2 43. Qxh6+ Kf7 44. Qh7+ Ke8 45. Qg6+ Kd7 46.
Rf2 Qd1+ 47. Kg2 Qxd5+ 48. Kh3 Ra8 49. Nh6 Rh8 50. g4 Qd4 51. Kg3 Qe3+ 52. Kg2
Nd5 53. Rf3 Qd2+ 54. Kg3 Qe1+ 55. Kh3 Nxf4+ 56. Rxf4 Qe3+ 57. Kg2 Qxf4 58. g5
Qe4+ 59. Kg3 Qe1+ 60. Kg2 Qe6 61. Qd3 Rb8 62. Qf5 Qxf5 63. Nxf5 Ke6 64. Ne3 Rb4
65. Kg3 d5 66. h4 d4 67. Nc2 Rc4 68. Ne1 Kf5 69. Kf3 e5 70. Ke2 e4 71. Kd2 Ra4
72. Nc2 Ra2 73. Kd1 Ke5 74. g6 e3 75. g7 Ra8 76. h5 Kf6 77. h6 Kg6 78. Nxd4 Rd8
79. Ke2 Kxh6 80. Kxe3 Re8+ 0-1

[Event "Frankfurt Ch A 2019"]
[Site "Ffm-Höchst, BiKuZ"]
[Date "2019.06.17"]
[Round "7.37"]
[White "Trierweiler, Joachim"]
[Black "Schlumbohm, Nils"]
[Result "0-1"]
[WhiteElo "1805"]
[BlackElo "1584"]
[PlyCount "102"]
[EventDate "2019.??.??"]
[WhiteTeam "Vorw.Orient Mainz"]
[BlackTeam "Berkershm"]

1. Nf3 d5 2. c4 e6 3. g3 Nf6 4. Bg2 dxc4 5. Qa4+ Bd7 6. Qxc4 Bc6 7. O-O Nbd7 8.
d3 Qe7 9. Na3 Qb4 10. Qxb4 Bxb4 11. Nc4 a5 12. Bg5 O-O 13. Rfc1 h6 14. Bxf6
gxf6 15. Rc2 Rfd8 16. Rac1 Bf8 17. Ne3 Nb8 18. Rc4 a4 19. Rh4 Ra5 20. Rcc4 Kh7
21. Nd4 Bxg2 22. Kxg2 c5 23. Nf3 b5 24. Rcf4 Nd7 25. Rh5 f5 26. Rfh4 Nf6 27.
Ng5+ Kg6 28. Rxh6+ Bxh6 29. Nxf7 Kxf7 30. Rxh6 Kg7 31. Rh4 Rd4 32. f4 Ra8 33.
Kf3 Rh8 34. Rxh8 Kxh8 35. h3 Rb4 36. Nd1 Rd4 37. g4 fxg4+ 38. hxg4 Rd8 39. g5
Ne8 40. Nc3 Kg7 41. Ne4 c4 42. Nc5 cxd3 43. Nxe6+ Kg6 44. exd3 Rxd3+ 45. Ke4
Rd2 46. f5+ Kf7 47. b3 Rxa2 48. bxa4 bxa4 49. Kd3 Rf2 50. Nd4 a3 51. Ke3 Rxf5
0-1

[Event "Frankfurt Ch A 2019"]
[Site "Ffm-Höchst, BiKuZ"]
[Date "2019.06.17"]
[Round "7.38"]
[White "Menning, Uwe"]
[Black "Brauch, Manfred"]
[Result "1-0"]
[WhiteElo "1779"]
[BlackElo "1659"]
[PlyCount "41"]
[EventDate "2019.??.??"]
[WhiteTeam "FC Bierstadt"]
[BlackTeam "SG Pieroth"]

1. d4 c5 2. c3 e6 3. Nf3 h6 4. Bf4 Nf6 5. e3 b6 6. Be2 Bb7 7. O-O Nc6 8. Nbd2
Nh5 9. Bg3 Nxg3 10. hxg3 Bd6 11. Ne4 Be7 12. dxc5 bxc5 13. Nd6+ Bxd6 14. Qxd6
Qe7 15. Qc7 Bc8 16. Nd2 O-O 17. Bf3 Qd8 18. Qd6 Bb7 19. Ne4 Ba6 20. Rfd1 Rc8
21. Nxc5 1-0

[Event "Frankfurt Ch A 2019"]
[Site "Ffm-Höchst, BiKuZ"]
[Date "2019.06.17"]
[Round "7.39"]
[White "Winand, Edgar"]
[Black "Münstermann, Matthias"]
[Result "1-0"]
[WhiteElo "1778"]
[BlackElo "1666"]
[PlyCount "77"]
[EventDate "2019.??.??"]
[WhiteTeam "SF Frankfurt"]
[BlackTeam "SK Langen"]

1. g4 d5 2. Bg2 Bxg4 3. c4 Nf6 4. Nc3 e6 5. cxd5 exd5 6. Qb3 Nbd7 7. Nxd5 Nc5
8. Qe3+ Ne6 9. Nxf6+ Qxf6 10. Bxb7 Bc5 11. Qg3 Rb8 12. Bc6+ Ke7 13. e3 Bh5 14.
Nf3 Rb6 15. Be4 Rd8 16. Qe5 Bxf3 17. Qxf6+ Kxf6 18. Bxf3 Ng5 19. Bg2 Rbd6 20.
h4 Ne6 21. a3 Bb6 22. b4 a5 23. Bb2+ Ke7 24. d4 g6 25. O-O f5 26. Bc3 axb4 27.
Bxb4 c5 28. dxc5 Bxc5 29. Rfc1 Bxb4 30. axb4 Rb6 31. Ra7+ Kf6 32. Rxh7 Rxb4 33.
Rc6 Re8 34. Ra7 Rb5 35. Bf1 Re5 36. Bc4 Re7 37. Ra3 Re8 38. f4 Re4 39. Raa6 1-0

[Event "Frankfurt Ch A 2019"]
[Site "Ffm-Höchst, BiKuZ"]
[Date "2019.06.17"]
[Round "7.40"]
[White "Ackermann, Robert"]
[Black "Schellen, Sven"]
[Result "1/2-1/2"]
[WhiteElo "1664"]
[BlackElo "1768"]
[PlyCount "89"]
[EventDate "2019.??.??"]
[WhiteTeam "SC Bad Soden"]
[BlackTeam "SF Frankfurt"]

1. Nf3 d5 2. c4 d4 3. g3 Nc6 4. d3 e5 5. Bg2 Nf6 6. O-O a5 7. e3 Be7 8. exd4
exd4 9. Re1 O-O 10. a3 a4 11. Bg5 h6 12. Bxf6 Bxf6 13. Nbd2 Bf5 14. Ne4 Be7 15.
b4 axb3 16. Qxb3 Qd7 17. Qb2 Ra4 18. Ra2 Rfa8 19. Rea1 Bxe4 20. dxe4 d3 21. e5
R8a7 22. Nd2 Nd4 23. Be4 Nc2 24. Rd1 Rxa3 25. Rxa3 Bxa3 26. Qc3 Nb4 27. Nb1 Qa4
28. Rd2 Nc6 29. Qxd3 Nxe5 30. Qd8+ Bf8 31. Qxc7 Nxc4 32. Rd8 Qb4 33. Qf4 Ra5
34. Bd3 Qe7 35. Rc8 Nd6 36. Rc3 Ra1 37. Qd2 b5 38. Rc1 Qf6 39. Nc3 Rxc1+ 40.
Qxc1 Qd4 41. Qc2 b4 42. Nb5 Nxb5 43. Bxb5 Bc5 44. Bc4 Kf8 45. Qa2 1/2-1/2

[Event "Frankfurt Ch A 2019"]
[Site "Ffm-Höchst, BiKuZ"]
[Date "2019.06.17"]
[Round "7.41"]
[White "Merges, Harald"]
[Black "Klamser, Dietmar"]
[Result "1/2-1/2"]
[WhiteElo "1757"]
[BlackElo "1638"]
[PlyCount "28"]
[EventDate "2019.??.??"]
[WhiteTeam "SG Reil-Kinheim"]
[BlackTeam "SC Groß-Umstadt"]

1. e4 d5 2. exd5 Qxd5 3. d4 Nc6 4. Nf3 Bg4 5. Be2 e6 6. Nc3 Qd7 7. Be3 a6 8.
Qd2 Nf6 9. O-O-O O-O-O 10. h3 Bh5 11. a3 h6 12. Kb1 Bg6 13. Bd3 Bxd3 14. Qxd3
Be7 1/2-1/2

[Event "Frankfurt Ch A 2019"]
[Site "Ffm-Höchst, BiKuZ"]
[Date "2019.06.17"]
[Round "7.42"]
[White "Stuhlmann, Florian"]
[Black "Arnold, Aaron"]
[Result "1-0"]
[WhiteElo "1875"]
[BlackElo "1424"]
[PlyCount "53"]
[EventDate "2019.??.??"]
[WhiteTeam "SC Lindenholzhausen"]
[BlackTeam "SC Frankfurt-West"]

1. d4 Nf6 2. c4 e6 3. Nc3 Bb4 4. Qc2 Nc6 5. Nf3 d5 6. cxd5 exd5 7. Bg5 O-O 8.
e3 Bxc3+ 9. bxc3 Qd6 10. Bd3 Re8 11. Bxf6 Qxf6 12. Bxh7+ Kf8 13. Bd3 Bg4 14.
Be2 Nd8 15. Ne5 Be6 16. c4 Re7 17. cxd5 Bxd5 18. e4 Bc6 19. O-O Qh6 20. Rad1 f6
21. Nxc6 Nxc6 22. f4 Rd8 23. Qc5 Qg6 24. Bf3 Rdd7 25. Rfe1 Nd8 26. Qxa7 Ne6 27.
f5 1-0